00966cam a22003494i 4500003000900000005001700009008004100026035001800067040003300085082001900118100002800137245005300165264005000218300003900268336002100307337002500328338002300353490004900376505005800425526001000483526001000493526001000503526001000513526000800523526000800531526000800539526000800547526000800555526000800563526000800571650003700579PE-LiUPU20250731173504.0150616s1993 miu r 000 0 eng d a(Sirsi) a7000 aPE-LiUPUbspacPE-LiUPUerda04a270.9bS312211 aSchaff, Philip,eautor.14aThe Greek and Latin Creeds.n2 /cPhilip Schaff. 1aGrand Rapids, Michigan :bBaker Books,c1993. a634 páginas ;c21 centímetros. atext2rdacontent aunmediated2rdamedia avolume2rdacarrier0 aAntes del título: The Creeds of Christedon0 aThe creeds of the Greek and Latin Churches -- Church. aSEG42 aSEG41 aSEG40 aSEG39 aP94 aP87 aP86 aP85 aP77 aP76 aP3504aCristianismo y otras religiones.